000 00580nam a2200169Ia 4500
008 090711s9999 xx 000 0 und d
082 _b51164
100 _aकर्णिक रमेश
245 _aरत्निSाकित्सा (भाग 1)
260 _bघरकुल प्रकाशन
_c1954
300 _a41
600 _aकर्णिक रमेश
630 _aरत्निSाकित्सा (भाग 1)
700 _aकर्णिक रमेश
730 _aरत्निSाकित्सा (भाग 1)
942 _cBOOK
999 _c309092
_d309092